000 00497nam a2200133Ia 4500
008 100328s9999 xx 000 0 und d
082 _b45244
100 _aदेसाई जयश्री
245 _aअयोया आंदोलन काल-आज-उद्या
260 _bचंद्रकला
630 _aअयोया आंदोलन काल-आज-उद्या
730 _aअयोया आंदोलन काल-आज-उद्या
942 _cBOOK
999 _c533414
_d533411